Short Stories from Sanskrit Literature/ (Record no. 177819)

MARC details
000 -LEADER
fixed length control field 00691nam a22002057a 4500
005 - DATE AND TIME OF LATEST TRANSACTION
control field 20210304171511.0
010 ## - LCCN (DPL NO)
LC control number ENG-129158-59
020 ## - INTERNATIONAL STANDARD BOOK NUMBER
International Standard Book Number 978-93-81470-34-3
Terms of availability 550.00
035 ## - SYSTEM CONTROL NUMBER
System control number EN-112690-91
037 ## - SOURCE OF ACQUISITION
Source of stock number/acquisition DBAD/PUB
082 ## - DEWEY DECIMAL CLASSIFICATION NUMBER
Classification number S
245 ## - TITLE STATEMENT
Title Short Stories from Sanskrit Literature/
Remainder of title Compiled by V. D. Jhari; Translated, Retold and Collated by John Platts and Anaryan
260 ## - PUBLICATION, DISTRIBUTION, ETC. (IMPRINT)
Place of publication, distribution, etc New Delhi
Name of publisher, distributor, etc World Literature India
Date of publication, distribution, etc 2015
270 ## - ADDRESS
City New Delhi
Postal code 110030
Address Jhari Villa, Bhul Bhullian Road, Mehrauli
Telephone number 26643982, 26641880
300 ## - PHYSICAL DESCRIPTION
Extent 288p.
Dimensions 22cm(hbk)
700 ## - ADDED ENTRY--PERSONAL NAME
Personal name Jhari, V. D., Comp.
700 ## - ADDED ENTRY--PERSONAL NAME
Personal name Platts, John, Tr.
700 ## - ADDED ENTRY--PERSONAL NAME
Personal name Anaryan, Tr.
942 ## - ADDED ENTRY ELEMENTS (KOHA)
Source of classification or shelving scheme Dewey Decimal Classification
Item type English Books
Classification part S
Call number suffix SHO
Holdings
Withdrawn status Lost status Not for loan Collection code Home library Current library Date acquired Source of acquisition Cost, normal purchase price Full call number Barcode Copy number Cost, replacement price Koha item type
      Fiction Ashok Vihar Ashok Vihar 04/03/2021 DBAD/PUB 550.00 S SHO EN-112690 1 550.00 English Books
      Fiction Bawana Bawana 04/03/2021 DBAD/PUB 550.00 S SHO EN-112691 1 550.00 English Books

© Delhi Public Library
Hit Counter
free hit counter